000 00458cam a2200193ua 4500
001 8166
008 150110n ii |||gr||||Z||||||hin
040 _cMAIN
041 _ahin
082 _a891.433
100 _aRai, R. B.,
_eAuthor.
245 _aPhirki wali
_cBy Ram Badan Rai
250 _a1st.
260 _aVaranasi:
_bSanjay,
_c1984.
300 _a222p.
653 _aEast Indo-European & Celtic literatures
653 _aHindi novels
942 _cBK
999 _c7281
_d7281